00946nam a2200253 a 4500001001000000003000500010005001700015008004100032010001100073011001100084040000900095100003300104245014500137260004100282500006000323502007100383650001600454650002400470650002800494650005400522650001500576700003100591856007000622000111488CHAP20220329144213.0150512s2015 mx a fsm |||||||spa d a107950 a108922 cCHAP1 aMárquez Coronel, Rosalía10aPropuesta de tormenta diseño para Chapingo, Estado de Méxicoh[En línea]cpor Rosalía Márquez Coronel y Emmanuel Mendoza Zavaleta. aChapingo, Méx. :bEl autor,c2015. aPara ver el contenido del material haga clic en la liga aTesis (Ing. en Irrigación) -- UACH. Departamento de Irrigación14aEcuaciones.14aLluviaxMedición.14aLluviaxMéxico (Edo.)14aPrecipitación (Meteorología)xMéxico (Edo.)14aTormentas.1 aMendoza Zavaleta, Emmanuel aFinding aiduhttp://10.13.5.2/tesis/sist111488.pdfzTeclea aquí